[Event "Amsterdam Science Park 2023"]
[Site "Science Park, Amsterdam, Netherlands"]
[Date "2023.07.23"]
[Round "9.6"]
[White "Labruyere, Roger"]
[Black "Beeke, Bob"]
[Result "1-0"]
[WhiteElo "2191"]
[BlackElo "2216"]

1. e4 {[%clk 01:30:58]} {[%emt 00:00:02]} e5 {[%clk 01:30:56]} {[%emt
00:00:04]} 2. Nf3 {[%clk 01:31:24]} {[%emt 00:00:03]} Nf6 {[%clk 01:31:22]}
{[%emt 00:00:05]} 3. Nxe5 {[%clk 01:31:37]} {[%emt 00:00:18]} d6 {[%clk
01:31:47]} {[%emt 00:00:05]} 4. Nf3 {[%clk 01:32:03]} {[%emt 00:00:04]} Nxe4
{[%clk 01:32:13]} {[%emt 00:00:04]} 5. Nc3 {[%clk 01:32:20]} {[%emt 00:00:13]}
Nxc3 {[%clk 01:32:38]} {[%emt 00:00:05]} 6. dxc3 {[%clk 01:32:47]} {[%emt
00:00:03]} Be7 {[%clk 01:33:02]} {[%emt 00:00:06]} 7. Be3 {[%clk 01:33:14]}
{[%emt 00:00:04]} Nd7 {[%clk 01:32:57]} {[%emt 00:00:35]} 8. Qd2 {[%clk
01:33:39]} {[%emt 00:00:05]} O-O {[%clk 01:33:15]} {[%emt 00:00:11]} 9. O-O-O
{[%clk 01:33:55]} {[%emt 00:00:14]} c6 {[%clk 01:33:07]} {[%emt 00:00:38]} 10.
Bd3 {[%clk 01:33:26]} {[%emt 00:00:59]} Nc5 {[%clk 01:24:07]} {[%emt 00:09:30]}
11. Bxc5 {[%clk 01:31:46]} {[%emt 00:02:11]} dxc5 {[%clk 01:23:23]} {[%emt
00:01:14]} 12. Qf4 {[%clk 01:31:41]} {[%emt 00:00:34]} Qe8 {[%clk 01:18:31]}
{[%emt 00:05:22]} 13. Rhe1 {[%clk 01:31:25]} {[%emt 00:00:45]} Be6 {[%clk
01:18:42]} {[%emt 00:00:19]} 14. Bf5 {[%clk 01:30:02]} {[%emt 00:01:54]} Bxf5
{[%clk 01:14:25]} {[%emt 00:04:47]} 15. Qxf5 {[%clk 01:30:30]} {[%emt
00:00:02]} Rd8 {[%clk 01:14:46]} {[%emt 00:00:09]} 16. Ne5 {[%clk 01:25:57]}
{[%emt 00:05:02]} g6 {[%clk 00:53:20]} {[%emt 00:21:56]} 17. Qg4 {[%clk
01:19:56]} {[%emt 00:06:31]} h5 {[%clk 00:39:08]} {[%emt 00:14:41]} 18. Qg3
{[%clk 01:15:36]} {[%emt 00:04:51]} Bd6 {[%clk 00:32:21]} {[%emt 00:07:17]} 19.
f4 {[%clk 01:10:26]} {[%emt 00:05:40]} Bxe5 {[%clk 00:28:29]} {[%emt 00:04:22]}
20. fxe5 {[%clk 01:05:08]} {[%emt 00:05:48]} Rxd1+ {[%clk 00:21:41]} {[%emt
00:07:18]} 21. Rxd1 {[%clk 01:05:31]} {[%emt 00:00:06]} Kg7 {[%clk 00:18:07]}
{[%emt 00:04:05]} 22. Qf4 {[%clk 01:03:31]} {[%emt 00:02:31]} Qe7 {[%clk
00:17:27]} {[%emt 00:01:09]} 23. Re1 {[%clk 01:02:33]} {[%emt 00:01:28]} Qe6
{[%clk 00:16:45]} {[%emt 00:01:11]} 24. b3 {[%clk 01:02:26]} {[%emt 00:00:38]}
Rd8 {[%clk 00:15:19]} {[%emt 00:01:56]} 25. h3 {[%clk 01:02:34]} {[%emt
00:00:22]} Rd5 {[%clk 00:13:48]} {[%emt 00:02:01]} 26. g4 {[%clk 01:02:36]}
{[%emt 00:00:28]} hxg4 {[%clk 00:13:37]} {[%emt 00:00:41]} 27. hxg4 {[%clk
01:03:01]} {[%emt 00:00:05]} Kf8 {[%clk 00:13:40]} {[%emt 00:00:27]} 28. Kb2
{[%clk 00:55:46]} {[%emt 00:07:44]} Ke7 {[%clk 00:12:53]} {[%emt 00:01:17]} 29.
Re4 {[%clk 00:50:49]} {[%emt 00:05:26]} b5 {[%clk 00:12:31]} {[%emt 00:00:53]}
30. Qe3 {[%clk 00:49:40]} {[%emt 00:01:39]} Qd7 {[%clk 00:08:29]} {[%emt
00:04:32]} 31. Qg5+ {[%clk 00:48:29]} {[%emt 00:01:41]} Ke8 {[%clk 00:05:54]}
{[%emt 00:03:05]} 32. a4 {[%clk 00:35:33]} {[%emt 00:13:25]} a6 {[%clk
00:05:48]} {[%emt 00:00:37]} 33. Qf6 {[%clk 00:34:28]} {[%emt 00:01:34]} Qe6
{[%clk 00:03:44]} {[%emt 00:02:34]} 34. Qh8+ {[%clk 00:34:08]} {[%emt
00:00:50]} Ke7 {[%clk 00:03:22]} {[%emt 00:00:53]} 35. a5 {[%clk 00:31:34]}
{[%emt 00:03:03]} Rd8 {[%clk 00:02:29]} {[%emt 00:01:23]} 36. Qh4+ {[%clk
00:31:03]} {[%emt 00:01:01]} Ke8 {[%clk 00:02:23]} {[%emt 00:00:36]} 37. g5
{[%clk 00:28:21]} {[%emt 00:03:12]} Kd7 {[%clk 00:01:41]} {[%emt 00:01:13]} 38.
Qf2 {[%clk 00:27:16]} {[%emt 00:01:34]} Qe7 {[%clk 00:00:55]} {[%emt 00:01:16]}
39. Rf4 {[%clk 00:24:23]} {[%emt 00:03:23]} Ke8 {[%clk 00:00:36]} {[%emt
00:00:49]} 40. Rf6 {[%clk 00:23:15]} {[%emt 00:01:38]} b4 {[%clk 00:00:42]}
{[%emt 00:00:25]} 41. Qe3 {[%clk 00:19:43]} {[%emt 00:04:02]} bxc3+ {[%clk
00:22:07]} {[%emt 00:09:05]} 42. Qxc3 {[%clk 00:49:52]} {[%emt 00:00:20]} Rd5
{[%clk 00:22:04]} {[%emt 00:00:33]} 43. Rxc6 {[%clk 00:47:30]} {[%emt
00:02:52]} Qxe5 {[%clk 00:22:22]} {[%emt 00:00:12]} 44. Qxe5+ {[%clk 00:47:56]}
{[%emt 00:00:04]} Rxe5 {[%clk 00:22:42]} {[%emt 00:00:10]} 45. Rxa6 {[%clk
00:48:24]} {[%emt 00:00:01]} Rxg5 {[%clk 00:22:36]} {[%emt 00:00:36]} 46. Rb6
{[%clk 00:48:46]} {[%emt 00:00:09]} c4 {[%clk 00:06:57]} {[%emt 00:16:09]} 47.
b4 {[%clk 00:49:12]} {[%emt 00:00:04]} c3+ {[%clk 00:07:23]} {[%emt 00:00:04]}
48. Kxc3 {[%clk 00:49:19]} {[%emt 00:00:23]} 1-0

[Event "Amsterdam Science Park 2023"]
[Site "Science Park, Amsterdam, Netherlands"]
[Date "2023.07.23"]
[Round "9.7"]
[White "Honkoop, Gilian"]
[Black "Shakhverdian, William"]
[Result "0-1"]
[WhiteElo "2193"]
[BlackElo "2129"]

1. c4 {[%clk 01:30:58]} {[%emt 00:00:02]} e6 {[%clk 01:30:33]} {[%emt
00:00:27]} 2. Nf3 {[%clk 01:31:22]} {[%emt 00:00:05]} d5 {[%clk 01:30:26]}
{[%emt 00:00:38]} 3. e3 {[%clk 01:31:45]} {[%emt 00:00:06]} Nf6 {[%clk
01:30:13]} {[%emt 00:00:43]} 4. Nc3 {[%clk 01:32:10]} {[%emt 00:00:05]} a6
{[%clk 01:28:25]} {[%emt 00:02:18]} 5. b3 {[%clk 01:32:34]} {[%emt 00:00:06]}
c5 {[%clk 01:28:48]} {[%emt 00:00:08]} 6. Bb2 {[%clk 01:31:49]} {[%emt
00:01:14]} Nc6 {[%clk 01:28:06]} {[%emt 00:01:12]} 7. cxd5 {[%clk 01:30:28]}
{[%emt 00:01:50]} exd5 {[%clk 01:28:22]} {[%emt 00:00:13]} 8. d4 {[%clk
01:30:55]} {[%emt 00:00:03]} Bg4 {[%clk 01:22:44]} {[%emt 00:06:08]} 9. Be2
{[%clk 01:30:44]} {[%emt 00:00:40]} Rc8 {[%clk 01:16:35]} {[%emt 00:06:40]} 10.
O-O {[%clk 01:30:06]} {[%emt 00:01:07]} Bd6 {[%clk 01:15:28]} {[%emt 00:01:37]}
11. dxc5 {[%clk 01:30:24]} {[%emt 00:00:13]} Bxc5 {[%clk 01:15:54]} {[%emt
00:00:04]} 12. Rc1 {[%clk 01:28:21]} {[%emt 00:02:33]} Ba7 {[%clk 01:12:01]}
{[%emt 00:04:23]} 13. h3 {[%clk 01:15:13]} {[%emt 00:13:37]} Be6 {[%clk
00:59:35]} {[%emt 00:12:56]} 14. Na4 {[%clk 01:14:57]} {[%emt 00:00:45]} Ne4
{[%clk 00:50:28]} {[%emt 00:09:38]} 15. Ne5 {[%clk 00:47:23]} {[%emt 00:28:04]}
Nxe5 {[%clk 00:40:39]} {[%emt 00:10:19]} 16. Bxe5 {[%clk 00:47:34]} {[%emt
00:00:19]} O-O {[%clk 00:36:25]} {[%emt 00:04:45]} 17. Rxc8 {[%clk 00:42:40]}
{[%emt 00:05:25]} Bxc8 {[%clk 00:33:28]} {[%emt 00:03:26]} 18. Bd4 {[%clk
00:29:22]} {[%emt 00:13:48]} Bb8 {[%clk 00:32:01]} {[%emt 00:01:57]} 19. Bg4
{[%clk 00:28:08]} {[%emt 00:01:45]} f5 {[%clk 00:28:06]} {[%emt 00:04:24]} 20.
Be2 {[%clk 00:27:11]} {[%emt 00:01:26]} f4 {[%clk 00:27:05]} {[%emt 00:01:32]}
21. Bg4 {[%clk 00:25:57]} {[%emt 00:01:44]} fxe3 {[%clk 00:25:37]} {[%emt
00:01:59]} 22. Bxe3 {[%clk 00:26:20]} {[%emt 00:00:06]} Qd6 {[%clk 00:24:16]}
{[%emt 00:01:51]} 23. f4 {[%clk 00:26:41]} {[%emt 00:00:09]} Bxg4 {[%clk
00:16:04]} {[%emt 00:08:42]} 24. Qxg4 {[%clk 00:26:59]} {[%emt 00:00:12]} b5
{[%clk 00:16:19]} {[%emt 00:00:14]} 25. Bd4 {[%clk 00:21:37]} {[%emt 00:05:52]}
Nf6 {[%clk 00:15:09]} {[%emt 00:01:41]} 0-1

[Event "Amsterdam Science Park 2023"]
[Site "Science Park, Amsterdam, Netherlands"]
[Date "2023.07.23"]
[Round "9.8"]
[White "Merbis, Max"]
[Black "Lammens, Tim"]
[Result "0-1"]
[WhiteElo "2057"]
[BlackElo "2248"]

1. d4 {[%clk 01:30:58]} {[%emt 00:00:01]} d5 {[%clk 01:30:54]} {[%emt
00:00:06]} 2. c4 {[%clk 01:31:21]} {[%emt 00:00:07]} e6 {[%clk 01:31:20]}
{[%emt 00:00:04]} 3. Nc3 {[%clk 01:31:45]} {[%emt 00:00:05]} Nf6 {[%clk
01:31:46]} {[%emt 00:00:05]} 4. Bg5 {[%clk 01:31:40]} {[%emt 00:00:35]} dxc4
{[%clk 01:32:00]} {[%emt 00:00:16]} 5. e3 {[%clk 01:31:19]} {[%emt 00:00:51]}
a6 {[%clk 01:32:22]} {[%emt 00:00:08]} 6. Bxc4 {[%clk 01:27:20]} {[%emt
00:04:28]} c5 {[%clk 01:32:23]} {[%emt 00:00:29]} 7. Nf3 {[%clk 01:26:57]}
{[%emt 00:00:53]} b5 {[%clk 01:32:42]} {[%emt 00:00:10]} 8. Bd3 {[%clk
01:27:02]} {[%emt 00:00:26]} Bb7 {[%clk 01:32:58]} {[%emt 00:00:14]} 9. O-O
{[%clk 01:26:39]} {[%emt 00:00:52]} Nbd7 {[%clk 01:33:05]} {[%emt 00:00:24]} 10.
a4 {[%clk 01:19:44]} {[%emt 00:07:25]} b4 {[%clk 01:33:12]} {[%emt 00:00:23]}
11. Ne4 {[%clk 01:20:03]} {[%emt 00:00:11]} c4 {[%clk 01:32:25]} {[%emt
00:01:17]} 12. Bc2 {[%clk 01:17:07]} {[%emt 00:03:27]} Rc8 {[%clk 01:30:56]}
{[%emt 00:01:58]} 13. a5 {[%clk 01:10:39]} {[%emt 00:06:59]} Be7 {[%clk
01:24:06]} {[%emt 00:07:19]} 14. Nxf6+ {[%clk 01:05:37]} {[%emt 00:05:32]} gxf6
{[%clk 01:23:58]} {[%emt 00:00:38]} 15. Bh6 {[%clk 01:02:38]} {[%emt 00:03:29]}
b3 {[%clk 01:19:13]} {[%emt 00:05:15]} 16. Bb1 {[%clk 01:03:02]} {[%emt
00:00:06]} f5 {[%clk 01:18:59]} {[%emt 00:00:44]} 17. Qe2 {[%clk 01:01:56]}
{[%emt 00:01:37]} Nf6 {[%clk 01:02:19]} {[%emt 00:17:10]} 18. Ne5 {[%clk
00:55:10]} {[%emt 00:07:15]} Rg8 {[%clk 00:55:30]} {[%emt 00:07:19]} 19. f3
{[%clk 00:51:03]} {[%emt 00:04:38]} c3 {[%clk 00:44:56]} {[%emt 00:11:04]} 20.
bxc3 {[%clk 00:50:28]} {[%emt 00:01:05]} Rxc3 {[%clk 00:45:25]} {[%emt
00:00:01]} 21. Bd3 {[%clk 00:48:06]} {[%emt 00:02:51]} Qc7 {[%clk 00:43:15]}
{[%emt 00:02:39]} 22. Qb2 {[%clk 00:28:21]} {[%emt 00:20:16]} Nd5 {[%clk
00:25:20]} {[%emt 00:18:25]} 23. e4 {[%clk 00:20:39]} {[%emt 00:08:12]} fxe4
{[%clk 00:22:23]} {[%emt 00:03:27]} 24. fxe4 {[%clk 00:20:27]} {[%emt
00:00:42]} Nb4 {[%clk 00:22:11]} {[%emt 00:00:41]} 25. Rac1 {[%clk 00:18:59]}
{[%emt 00:01:59]} Nc2 {[%clk 00:19:15]} {[%emt 00:03:26]} 26. Bd2 {[%clk
00:16:28]} {[%emt 00:03:00]} Rxd3 {[%clk 00:18:15]} {[%emt 00:01:31]} 27. Nxd3
{[%clk 00:16:06]} {[%emt 00:00:53]} Bxe4 {[%clk 00:16:48]} {[%emt 00:01:57]} 28.
Nf4 {[%clk 00:16:20]} {[%emt 00:00:15]} Bf6 {[%clk 00:05:09]} {[%emt 00:12:10]}
29. Bc3 {[%clk 00:13:54]} {[%emt 00:02:55]} Qc4 {[%clk 00:00:48]} {[%emt
00:04:50]} 30. Rf2 {[%clk 00:12:59]} {[%emt 00:01:25]} Rg4 {[%clk 00:00:37]}
{[%emt 00:00:41]} 31. g3 {[%clk 00:12:11]} {[%emt 00:01:18]} Bc6 {[%clk
00:00:32]} {[%emt 00:00:36]} 32. Ng2 {[%clk 00:06:00]} {[%emt 00:06:40]} Bg5
{[%clk 00:00:41]} {[%emt 00:00:20]} 33. Rcxc2 {[%clk 00:05:12]} {[%emt
00:01:18]} bxc2 {[%clk 00:01:09]} {[%emt 00:00:02]} 34. Rxc2 {[%clk 00:05:14]}
{[%emt 00:00:28]} Qd5 {[%clk 00:01:16]} {[%emt 00:00:22]} 35. Re2 {[%clk
00:04:58]} {[%emt 00:00:47]} Re4 {[%clk 00:01:13]} {[%emt 00:00:33]} 36. Rf2
{[%clk 00:04:07]} {[%emt 00:01:20]} f5 {[%clk 00:00:35]} {[%emt 00:01:09]} 37.
h4 {[%clk 00:01:56]} {[%emt 00:02:41]} Be3 {[%clk 00:00:40]} {[%emt 00:00:24]}
0-1

[Event "Amsterdam Science Park 2023"]
[Site "Science Park, Amsterdam, Netherlands"]
[Date "2023.07.23"]
[Round "9.9"]
[White "Van Baar, Esper"]
[Black "Pronk, Sven"]
[Result "1/2-1/2"]
[WhiteElo "2180"]
[BlackElo "2050"]

1. e4 {[%clk 01:28:16]} {[%emt 00:02:43]} c6 {[%clk 01:30:51]} {[%emt
00:00:10]} 2. Nc3 {[%clk 01:28:27]} {[%emt 00:00:19]} d5 {[%clk 01:31:16]}
{[%emt 00:00:05]} 3. Nf3 {[%clk 01:28:50]} {[%emt 00:00:07]} dxe4 {[%clk
01:30:40]} {[%emt 00:01:07]} 4. Nxe4 {[%clk 01:29:11]} {[%emt 00:00:09]} Nf6
{[%clk 01:31:00]} {[%emt 00:00:10]} 5. Qe2 {[%clk 01:29:37]} {[%emt 00:00:04]}
Bf5 {[%clk 01:31:23]} {[%emt 00:00:07]} 6. Nxf6+ {[%clk 01:29:59]} {[%emt
00:00:09]} gxf6 {[%clk 01:31:47]} {[%emt 00:00:06]} 7. d3 {[%clk 01:30:03]}
{[%emt 00:00:25]} Nd7 {[%clk 01:32:08]} {[%emt 00:00:09]} 8. g3 {[%clk
01:29:11]} {[%emt 00:01:22]} Ne5 {[%clk 01:32:32]} {[%emt 00:00:06]} 9. Nxe5
{[%clk 01:27:22]} {[%emt 00:02:19]} Qa5+ {[%clk 01:32:55]} {[%emt 00:00:07]} 10.
Bd2 {[%clk 01:27:08]} {[%emt 00:00:44]} Qxe5 {[%clk 01:33:17]} {[%emt
00:00:08]} 11. Qxe5 {[%clk 01:25:08]} {[%emt 00:02:30]} fxe5 {[%clk 01:33:33]}
{[%emt 00:00:14]} 12. Bg2 {[%clk 01:23:58]} {[%emt 00:01:40]} h5 {[%clk
01:32:56]} {[%emt 00:01:06]} 13. h4 {[%clk 01:22:47]} {[%emt 00:01:41]} O-O-O
{[%clk 01:23:32]} {[%emt 00:09:52]} 14. O-O {[%clk 01:19:25]} {[%emt 00:03:54]}
f6 {[%clk 01:11:16]} {[%emt 00:12:47]} 15. Be3 {[%clk 01:17:50]} {[%emt
00:02:05]} Kb8 {[%clk 01:11:33]} {[%emt 00:00:13]} 16. Rfb1 {[%clk 01:17:05]}
{[%emt 00:01:15]} Be6 {[%clk 01:04:06]} {[%emt 00:07:57]} 17. b4 {[%clk
01:15:50]} {[%emt 00:01:46]} Bd5 {[%clk 01:03:59]} {[%emt 00:00:37]} 18. b5
{[%clk 01:12:38]} {[%emt 00:03:42]} Bxg2 {[%clk 01:02:37]} {[%emt 00:01:52]} 19.
Kxg2 {[%clk 01:12:57]} {[%emt 00:00:11]} c5 {[%clk 00:53:49]} {[%emt 00:09:18]}
20. a4 {[%clk 01:05:12]} {[%emt 00:08:16]} e6 {[%clk 00:49:57]} {[%emt
00:04:21]} 21. a5 {[%clk 01:03:28]} {[%emt 00:02:14]} Bd6 {[%clk 00:49:39]}
{[%emt 00:00:48]} 22. Ra4 {[%clk 01:03:10]} {[%emt 00:00:49]} Rhg8 {[%clk
00:46:49]} {[%emt 00:03:20]} 23. Kf3 {[%clk 01:00:17]} {[%emt 00:03:23]} Be7
{[%clk 00:38:46]} {[%emt 00:08:32]} 24. Rc4 {[%clk 00:54:48]} {[%emt 00:06:00]}
Rd5 {[%clk 00:36:26]} {[%emt 00:02:50]} 25. Rb3 {[%clk 00:52:18]} {[%emt
00:03:01]} f5 {[%clk 00:32:05]} {[%emt 00:04:49]} 26. Ke2 {[%clk 00:49:12]}
{[%emt 00:03:37]} Kc8 {[%clk 00:25:14]} {[%emt 00:07:21]} 27. Rbc3 {[%clk
00:43:35]} {[%emt 00:06:07]} Rg4 {[%clk 00:24:46]} {[%emt 00:00:56]} 28. Rxg4
{[%clk 00:42:59]} {[%emt 00:01:08]} hxg4 {[%clk 00:24:20]} {[%emt 00:00:56]} 29.
Rc4 {[%clk 00:42:34]} {[%emt 00:00:56]} Kd7 {[%clk 00:22:46]} {[%emt 00:02:04]}
30. f3 {[%clk 00:41:32]} {[%emt 00:01:31]} gxf3+ {[%clk 00:21:56]} {[%emt
00:01:21]} 31. Kxf3 {[%clk 00:41:57]} {[%emt 00:00:06]} Ke8 {[%clk 00:19:00]}
{[%emt 00:03:25]} 32. g4 {[%clk 00:32:48]} {[%emt 00:09:39]} Kf7 {[%clk
00:18:54]} {[%emt 00:00:36]} 33. Bf2 {[%clk 00:31:19]} {[%emt 00:01:59]} Kg6
{[%clk 00:17:52]} {[%emt 00:01:33]} 34. Kg3 {[%clk 00:18:22]} {[%emt 00:13:25]}
Kh6 {[%clk 00:13:58]} {[%emt 00:04:25]} 35. Kh3 {[%clk 00:18:11]} {[%emt
00:00:41]} Kg6 {[%clk 00:14:08]} {[%emt 00:00:20]} 36. Be3 {[%clk 00:17:09]}
{[%emt 00:01:32]} Kh7 {[%clk 00:05:21]} {[%emt 00:09:17]} 37. h5 {[%clk
00:15:29]} {[%emt 00:02:10]} Kg7 {[%clk 00:02:14]} {[%emt 00:03:36]} 38. Bf2
{[%clk 00:13:56]} {[%emt 00:02:02]} e4 {[%clk 00:01:32]} {[%emt 00:01:13]} 39.
dxe4 {[%clk 00:07:53]} {[%emt 00:06:32]} fxg4+ {[%clk 00:01:56]} {[%emt
00:00:07]} 40. Kxg4 {[%clk 00:08:06]} {[%emt 00:00:17]} Rg5+ {[%clk 00:02:19]}
{[%emt 00:00:08]} 41. Kf3 {[%clk 00:07:32]} {[%emt 00:01:02]} Rxh5 {[%clk
00:00:53]} {[%emt 00:01:58]} 42. a6 {[%clk 00:03:17]} {[%emt 00:04:46]} bxa6
{[%clk 00:28:24]} {[%emt 00:02:59]} 43. bxa6 {[%clk 00:33:46]} {[%emt
00:00:01]} Kf6 {[%clk 00:24:26]} {[%emt 00:04:27]} 44. Bg3 {[%clk 00:32:12]}
{[%emt 00:02:04]} e5 {[%clk 00:22:21]} {[%emt 00:02:35]} 45. Bf2 {[%clk
00:28:27]} {[%emt 00:04:15]} Rh3+ {[%clk 00:22:05]} {[%emt 00:00:46]} 46. Kg4
{[%clk 00:28:39]} {[%emt 00:00:18]} Ra3 {[%clk 00:21:50]} {[%emt 00:00:43]} 47.
Bh4+ {[%clk 00:28:32]} {[%emt 00:00:39]} Ke6 {[%clk 00:21:57]} {[%emt
00:00:22]} 48. Bxe7 {[%clk 00:28:32]} {[%emt 00:00:30]} Kxe7 {[%clk 00:22:23]}
{[%emt 00:00:05]} 49. Rxc5 {[%clk 00:27:50]} {[%emt 00:01:11]} Kd6 {[%clk
00:22:49]} {[%emt 00:00:03]} 50. Rc8 {[%clk 00:25:13]} {[%emt 00:03:07]} Rxa6
{[%clk 00:23:09]} {[%emt 00:00:10]} 51. Kf5 {[%clk 00:23:33]} {[%emt 00:02:10]}
Rc6 {[%clk 00:17:04]} {[%emt 00:06:36]} 52. Rxc6+ {[%clk 00:12:55]} {[%emt
00:11:08]} Kxc6 {[%clk 00:17:25]} {[%emt 00:00:09]} 53. Kxe5 {[%clk 00:13:17]}
{[%emt 00:00:08]} Kc5 {[%clk 00:17:52]} {[%emt 00:00:03]} 54. Kf5 {[%clk
00:08:48]} {[%emt 00:04:59]} a5 {[%clk 00:18:16]} {[%emt 00:00:05]} 55. e5
{[%clk 00:08:41]} {[%emt 00:00:37]} a4 {[%clk 00:18:25]} {[%emt 00:00:21]} 56.
e6 {[%clk 00:09:03]} {[%emt 00:00:09]} Kd6 {[%clk 00:18:36]} {[%emt 00:00:19]}
1/2-1/2

[Event "Amsterdam Science Park 2023"]
[Site "Science Park, Amsterdam, Netherlands"]
[Date "2023.07.23"]
[Round "9.10"]
[White "Boeren, Jurriaan"]
[Black "Emans, Job"]
[Result "0-1"]
[WhiteElo "1987"]
[BlackElo "2059"]

1. e4 {[%clk 01:30:17]} {[%emt 00:00:42]} e5 {[%clk 01:29:21]} {[%emt
00:01:36]} 2. Nf3 {[%clk 01:30:44]} {[%emt 00:00:07]} Nc6 {[%clk 01:29:46]}
{[%emt 00:00:05]} 3. Bb5 {[%clk 01:31:11]} {[%emt 00:00:02]} a6 {[%clk
01:30:10]} {[%emt 00:00:06]} 4. Ba4 {[%clk 01:31:38]} {[%emt 00:00:02]} Nf6
{[%clk 01:30:34]} {[%emt 00:00:06]} 5. O-O {[%clk 01:32:04]} {[%emt 00:00:05]}
Be7 {[%clk 01:30:51]} {[%emt 00:00:13]} 6. Re1 {[%clk 01:32:29]} {[%emt
00:00:04]} b5 {[%clk 01:31:15]} {[%emt 00:00:07]} 7. Bb3 {[%clk 01:32:56]}
{[%emt 00:00:02]} O-O {[%clk 01:31:28]} {[%emt 00:00:17]} 8. a4 {[%clk
01:33:19]} {[%emt 00:00:07]} Bb7 {[%clk 01:31:22]} {[%emt 00:00:36]} 9. d3
{[%clk 01:33:33]} {[%emt 00:00:16]} d6 {[%clk 01:31:32]} {[%emt 00:00:21]} 10.
Nbd2 {[%clk 01:33:32]} {[%emt 00:00:31]} Nd7 {[%clk 01:30:16]} {[%emt
00:01:45]} 11. c3 {[%clk 01:30:38]} {[%emt 00:03:24]} Nc5 {[%clk 01:28:18]}
{[%emt 00:02:29]} 12. Bc2 {[%clk 01:31:01]} {[%emt 00:00:07]} Nxa4 {[%clk
01:14:17]} {[%emt 00:14:31]} 13. Bxa4 {[%clk 01:31:04]} {[%emt 00:00:26]} bxa4
{[%clk 01:14:41]} {[%emt 00:00:06]} 14. Qxa4 {[%clk 01:27:41]} {[%emt
00:03:53]} Kh8 {[%clk 01:13:47]} {[%emt 00:01:23]} 15. Nf1 {[%clk 01:24:53]}
{[%emt 00:03:18]} f5 {[%clk 01:08:04]} {[%emt 00:06:13]} 16. exf5 {[%clk
01:23:35]} {[%emt 00:01:49]} Rxf5 {[%clk 01:07:16]} {[%emt 00:01:17]} 17. Ng3
{[%clk 01:23:41]} {[%emt 00:00:23]} Rf8 {[%clk 01:06:00]} {[%emt 00:01:46]} 18.
Qg4 {[%clk 01:20:11]} {[%emt 00:04:00]} Qe8 {[%clk 00:59:39]} {[%emt 00:06:51]}
19. Ng5 {[%clk 00:53:04]} {[%emt 00:27:37]} Qg6 {[%clk 00:54:39]} {[%emt
00:05:30]} 20. Qe6 {[%clk 00:52:18]} {[%emt 00:01:16]} Bf6 {[%clk 00:48:26]}
{[%emt 00:06:44]} 21. N5e4 {[%clk 00:47:03]} {[%emt 00:05:45]} Rae8 {[%clk
00:44:07]} {[%emt 00:04:48]} 22. Qc4 {[%clk 00:44:55]} {[%emt 00:02:39]} Be7
{[%clk 00:39:47]} {[%emt 00:04:50]} 23. Be3 {[%clk 00:36:47]} {[%emt 00:08:38]}
h5 {[%clk 00:37:33]} {[%emt 00:02:44]} 24. h3 {[%clk 00:34:34]} {[%emt
00:02:43]} h4 {[%clk 00:30:52]} {[%emt 00:07:11]} 25. Nf1 {[%clk 00:32:35]}
{[%emt 00:02:29]} Nd8 {[%clk 00:25:25]} {[%emt 00:05:58]} 26. Qxc7 {[%clk
00:29:56]} {[%emt 00:03:09]} d5 {[%clk 00:25:02]} {[%emt 00:00:52]} 27. Nc5
{[%clk 00:29:05]} {[%emt 00:01:21]} Bxc5 {[%clk 00:25:28]} {[%emt 00:00:04]} 28.
Bxc5 {[%clk 00:29:28]} {[%emt 00:00:07]} d4 {[%clk 00:25:54]} {[%emt 00:00:04]}
29. g3 {[%clk 00:28:34]} {[%emt 00:01:23]} hxg3 {[%clk 00:25:50]} {[%emt
00:00:34]} 30. Nxg3 {[%clk 00:26:41]} {[%emt 00:02:23]} Rf3 {[%clk 00:25:33]}
{[%emt 00:00:48]} 31. Re4 {[%clk 00:17:39]} {[%emt 00:09:32]} Rxg3+ {[%clk
00:23:18]} {[%emt 00:02:46]} 32. fxg3 {[%clk 00:18:02]} {[%emt 00:00:06]} Qxg3+
{[%clk 00:23:43]} {[%emt 00:00:04]} 33. Kf1 {[%clk 00:18:23]} {[%emt 00:00:09]}
Bxe4 {[%clk 00:20:45]} {[%emt 00:03:28]} 34. dxe4 {[%clk 00:18:49]} {[%emt
00:00:05]} Ne6 {[%clk 00:19:21]} {[%emt 00:01:54]} 35. Qf7 {[%clk 00:15:42]}
{[%emt 00:03:36]} Nf4 {[%clk 00:18:43]} {[%emt 00:01:09]} 0-1